000
00245nam a2200109Ia 4500
008
200302s9999 xx 000 0 und d
100
_a
Alto Alvar
245
_a
The Garden Book
260
_b
Phaidon Press Ltd.
260
_c
2000
300
_a
512 P.,
999
_c
1984
_d
1984